17 Most Spoken Languages in the USA - Statistics

General Stats
  • This quiz has been taken 672 times
  • The average score is 14 of 17
Answer Stats
Population Spoken % Answer % Correct
238,000,000 73 English
100%
40,500,000 12 Spanish
100%
3,500,000 2 Chinese
98%
1,200,000 0.37 French
98%
918,000 0.24 German
95%
460,000 0.12 Japanese
91%
920,000 0.24 Russian
90%
580,000 0.15 Italian
89%
1,200,000 0.37 Arabic
86%
1,100,010 0.30 Korean
83%
810,000 0.22 Hindi
79%
770,000 0.21 Portuguese
78%
540,000 0.14 Polish
73%
1,567,000 0.46 Vietnamese
72%
1,700,000 1 Tagalog
66%
470,000 0.12 Urdu
47%
440,000 0.11 Persian
42%
No matching quizzes found
Score Distribution
Percent of People with Each Score
Percentile by Number Answered
Your Score History
You have not taken this quiz